00993nam a22002777a 450000500170000001000150001702000260003203500130005803700130007108200120008410000220009624500650011826000390018327000790022230000250030150000520032660000220037861000450040065000520044565000430049765000480054065000410058865000400062965000320066970000140070120141216152051.0 aENG-111386 a9789351500391c695.00 aEN-94918 bDBAD/PUB a650.092 aSheth, Jagdish N. aThe accidental scholar /cby Jagdish N. Sheth [and] John Yow aNew DelhibSage Publicationsc2014 aB1/I-1, Mohan Cooperative Industrial Area, Mathura RoadbNew Delhie110044 axix,240p. c24cm(Hb) a Includes bibliographical references and index. aSheth, Jagdish N. aEmory University xFaculty v Biography. a Business teachers zUnited States vBiography. a Business teacherszIndia vBiography. a PhilanthropistszUnited StatesvBiography. aPhilanthropists zIndia vBiography. a Business educationzUnited States. aBusiness education zIndia. aYow, John